000
00237nam a22000977a 4500
999
_c
11758
_d
11758
008
200114b ||||| |||| 00| 0 eng d
020
_a
0590624474
100
_a
Lionni Leo
_9
7435
245
_a
Six Crows
260
_a
New York
_b
Scholastic
_c
1995